BECKER- SHAFFER'S DIAGNOSIS & THERAPY OF THE GLAUCOMAS (Record no. 8886)

MARC details
000 -LEADER
fixed length control field 00383nam a22001577a 4500
003 - CONTROL NUMBER IDENTIFIER
control field SGT
020 ## - INTERNATIONAL STANDARD BOOK NUMBER
International Standard Book Number 978-0-323-02394-8
082 ## - DEWEY DECIMAL CLASSIFICATION NUMBER
Classification number 617.7, BOPS
100 ## - MAIN ENTRY--PERSONAL NAME
Personal name STAMPER, ROBERT
245 ## - TITLE STATEMENT
Title BECKER- SHAFFER'S DIAGNOSIS & THERAPY OF THE GLAUCOMAS
250 ## - EDITION STATEMENT
Edition statement 8TH
260 ## - PUBLICATION, DISTRIBUTION, ETC. (IMPRINT)
Place of publication, distribution, etc PHILADELPHIA
Name of publisher, distributor, etc ELESVIER
Year of Publication 2009
300 ## - PAGE DESCRIPTION
No. of Pages 568
650 ## - SUBJECT ADDED ENTRY--TOPICAL TERM
Topical term or geographic name as entry element DIAGNOSIS & THERAPY
942 ## - ADDED ENTRY ELEMENTS (KOHA)
Source of classification or shelving scheme Dewey Decimal Classification
Koha item type Books
Holdings
Withdrawn status Lost status Source of classification or shelving scheme Damaged status Not for loan Collection code Home library Current library Shelving location Date acquired Vendor Name Cost, normal purchase price SGTU Bill Number Total Checkouts Full call number Accession No. (Barcode) Date last seen Bill Date Koha item type
    Dewey Decimal Classification     MEDICAL SGT Medical Library SGT Medical Library Reference Book 02/06/2016 AHUJA BOOK COMPANY 5245.00 SGTU 5978   617.7, BOPS FM7534 02/06/2016 15/08/2015 Books